Antonio José de Sucre (Record no. 143941)

MARC details
000 -LEADER
campo de control de longitud fija 00537nam a2200157 4500
001 - NÚMERO DE CONTROL
campo de control 143941
003 - IDENTIFICADOR DE NÚMERO DE CONTROL
campo de control ES-MaACL
005 - FECHA Y HORA DE LA ÚLTIMA TRANSACCIÓN
campo de control 20230906200918.0
007 - CAMPO FIJO DE DESCRIPCIÓN FÍSICA--INFORMACIÓN GENERAL
campo de control de longitud fija t|
008 - DATOS DE LONGITUD FIJA--INFORMACIÓN GENERAL
campo de control de longitud fija 070214s1924 xxu r ||||1| eng d
100 1# - ENTRADA PRINCIPAL--NOMBRE DE PERSONA
Nombre de persona Sherwell, Guillermo A.
9 (RLIN) 106112
245 10 - MENCIÓN DEL TÍTULO
Título Antonio José de Sucre
Resto del título : (gran mariscal de Ayacucho) : hero and martyr of american independence /
Mención de responsabilidad, etc. Guillermo A. Sherwell.
260 ## - PUBLICACIÓN, DISTRIBUCIÓN, ETC.
Lugar de publicación, distribución, etc. Washington :
Nombre del editor, distribuidor, etc. Press of Byron S. Adams,
Fecha de publicación, distribución, etc. 1924.
300 ## - DESCRIPCIÓN FÍSICA
Extensión VIII, 236 p. ;
Dimensiones 19 cm +
Material acompañante/anejo 1 map.
852 ## - LOCALIZACIÓN
Ubicación ES-MaACL
Número de control de estantería F-580
Sublocalización o colección R.4538
Holdings
Estatus retirado Estado de pérdida Estado de daño No para préstamo Biblioteca de origen Biblioteca actual Ubicación en estantería Fecha de adquisición Fuente de adquisición Total de préstamos Signatura topográfica completa Código de barras Visto por última vez Precio de reemplazo Tipo de ítem Koha
        Biblioteca del Ateneo de Madrid Biblioteca del Ateneo de Madrid Depósito 2 17/01/2008     F-580 1149759 23/02/2023 23/02/2023 Libro impreso